000 00284 a2200109 4500
001 ART_39601
005 20260410162000.0
008 260409a
245 1 0 _aAmazonia
100 1 _aGrana, Roberto C.
773 0 _tPropuestas
_g- Año 3, Nº 6 (dic. 1997)
_wREV28258
999 _c31221
_d31221